The drugs handbook / Paul Turner and Glyn N. Volans.

Bibliographic Details
Main Author: Turner, Paul, 1933-
Other Authors: Volans, Glyn N.
Format: Book
Language:English
Published: London : Macmillan, 1980.
Edition:2nd rev. ed.
Series:Macmillan reference series.
Subjects:

MARC

Tag First Indicator Second Indicator Subfields
LEADER 00000cam a2200000 a 4500
001 in00000099675
005 20151217144947.0
008 801203s1980 enka cd 00010 eng d
020 |a 0333284569 
020 |a 0333284577 (pbk.) 
035 |a (OCoLC)06992883 
035 |9 AAL0293AM 
040 |a UIU  |c UIU  |d MET  |d TXA  |d UtOrBLW 
049 |a TXAM  |c [388768] 
090 |a RS51  |b .T8 1980 
092 |a 615.1  |b T856d, 1980 
096 |a QV 55 T951d 1980 
100 1 |a Turner, Paul,  |d 1933- 
245 1 4 |a The drugs handbook / Paul Turner and Glyn N. Volans. 
250 |a 2nd rev. ed. 
264 1 |a London :  |b Macmillan,  |c 1980. 
300 |a xii, 177 pages :  |b illustrations ;  |c 23 cm. 
336 |a text  |b txt  |2 rdacontent 
337 |a unmediated  |b n  |2 rdamedia 
338 |a volume  |b nc  |2 rdacarrier 
490 1 |a Macmillan reference series 
650 0 |a Drugs  |v Dictionaries. 
650 0 |a Drugs  |v Catalogs. 
700 1 |a Volans, Glyn N. 
830 0 |a Macmillan reference series. 
999 |a MARS 
999 f f |s 682289be-7398-3993-8fc7-313bc827549c  |i 3debbade-52d0-3fd6-b38d-24b03070d87a  |t 0 
952 f f |p ric  |a Texas A&M University  |b Rellis Campus  |c Joint Library Facility  |d Remote Storage  |t 0  |e RS51 .T8 1980  |h Library of Congress classification  |i unmediated -- volume  |m A14806045128 
998 f f |a RS51 .T8 1980  |t 0  |l Remote Storage